000 00305nam a22001337a 4500
008 170829b xxu||||| |||| 00| 0 eng d
020 _a9781880559888
041 _aeng
080 _a070
100 _a39
101 _aMED
245 _aCREATIVE BLACK-AND-WHITE PHOTOGRAPHY
_cSUESS,B,J
942 _2udc
_cBK
999 _c25342
_d25342